000 00602nam a22002057a 4500
003 OSt
005 20220107122824.0
008 170421b xxu||||| |||| 00| 0 eng d
020 _a9780262529846
040 _cIIITMK
082 _a501 YAN/O
100 _aYanofsky, Noson S.
_911573
245 _aThe outer limits of reason:
_bWhat science, mathematics and logic cannot tell us.
_cNoson S. Yanofsky
260 _aCambridge,
_bThe MIT Press,
_c2016.
300 _axiv, 403p.
650 _a SCIENCE
_911574
650 _aPHILOSOPHY
_911575
650 _aPHILOSOPHY OF SCIENCE
_912039
942 _2ddc
_cBK
999 _c5577
_d5577